Cartographies of desire (Record no. 1319383)

MARC details
000 -LEADER
fixed length control field 00580nam a2200193Ia 4500
005 - DATE AND TIME OF LATEST TRANSACTION
control field 20250507130401.0
008 - FIXED-LENGTH DATA ELEMENTS--GENERAL INFORMATION
fixed length control field 008 250505s9999 xx 000 0 eng d
020 ## - INTERNATIONAL STANDARD BOOK NUMBER
International Standard Book Number 0-520-25165-6
037 ## - SOURCE OF ACQUISITION
Stock number Annuals, Advances
040 ## - CATALOGING SOURCE
Original cataloging agency EASL
Language of cataloging eng
Transcribing agency EASL
041 ## - LANGUAGE CODE
Language code of text/sound track or separate title eng
Source of code eng
084 ## - COLON CLASSIFICATION NUMBER
Classification number O42:g(S:55), P7
Assigning agency EASL
100 ## - MAIN ENTRY--PERSONAL NAME
Personal name Pelugfelder Gregory M. Au.
9 (RLIN) 665995
245 #0 - TITLE STATEMENT
Title Cartographies of desire
260 ## - PUBLICATION, DISTRIBUTION, ETC.
Place of publication, distribution, etc. USA
Name of publisher, distributor, etc. Berkeley University of California Press
Date of publication, distribution, etc. 1999
300 ## - PHYSICAL DESCRIPTION
Extent 399p.
942 ## - ADDED ENTRY ELEMENTS (KOHA)
Koha item type Textual
Classification part O42:g(S:55), P7

No items available.

Copyright @ Delhi University Library System